LIBRARY & INFORMATION CENTRE, KCAET, TAVANUR

ONLINE PUBLIC ACCESS CATALOGUE (OPAC)

Some notes on lifemanship with a summary of recent researches in gamesmanship / (Record no. 5941)

MARC details
000 -LEADER
fixed length control field 00412cam a2200145ua 4500
041 ## - LANGUAGE CODE
Language code of text/sound track or separate title eng
082 ## - DEWEY DECIMAL CLASSIFICATION NUMBER
Classification number 790
Item number POT/SO
100 ## - MAIN ENTRY--AUTHOR NAME
Personal name Potter, Stephen .
245 ## - TITLE STATEMENT
Title Some notes on lifemanship with a summary of recent researches in gamesmanship /
260 ## - PUBLICATION, DISTRIBUTION, ETC. (IMPRINT)
Place of publication Bellomore :
Name of publisher Penguin Books ,
Year of publication 1962.
300 ## - PHYSICAL DESCRIPTION
Number of Pages 115 ; .
942 ## - ADDED ENTRY ELEMENTS (KOHA)
Koha item type Books
Holdings
Withdrawn status Lost status Damaged status Home library Current library Date acquired Full call number Accession Number Koha item type
Withdrawn     KAUAET Malayalam University 07/04/2012 790 10429 Books
free website counter